NETTER'S CLINICAL ANATOMY (Record no. 86695)

MARC details
000 -LEADER
fixed length control field 00825aam a22002771 4500
001 - CONTROL NUMBER
control field 99930848902419
003 - CONTROL NUMBER IDENTIFIER
control field CBULib
005 - DATE AND TIME OF LATEST TRANSACTION
control field 20260507122554.0
008 - FIXED-LENGTH DATA ELEMENTS--GENERAL INFORMATION
fixed length control field 260507b |||||||| |||| 00| 0 eng d
010 ## - LIBRARY OF CONGRESS CONTROL NUMBER
LC control number 9781455770083
NUCMC control number (electronic bk.)
010 ## - LIBRARY OF CONGRESS CONTROL NUMBER
LC control number 1455770086
NUCMC control number (electronic bk.)
010 ## - LIBRARY OF CONGRESS CONTROL NUMBER
LC control number 9781455770632
NUCMC control number (electronic bk.)
010 ## - LIBRARY OF CONGRESS CONTROL NUMBER
LC control number 1455770639
NUCMC control number (electronic bk.)
035 ## - SYSTEM CONTROL NUMBER
System control number (WlAbNL)(Uk)ark:/81055/vdc_100052726815.0x000001
035 ## - SYSTEM CONTROL NUMBER
System control number (WlAbNL)(Uk)018659322
040 ## - CATALOGING SOURCE
Transcribing agency CBULib
100 ## - MAIN ENTRY--PERSONAL NAME
Personal name 20140227d2014 uy 0
210 #1 - ABBREVIATED TITLE
Abbreviated title Philadelphia :
245 ## - TITLE STATEMENT
Title NETTER'S CLINICAL ANATOMY
300 ## - PHYSICAL DESCRIPTION
Extent Includes index.
517 3# - CATEGORIES OF FILMS NOTE (ARCHIVAL) (VM) [OBSOLETE]
Different formats Clinical anatomy
700 ## - ADDED ENTRY--PERSONAL NAME
Personal name Hansen
Numeration John T
942 ## - ADDED ENTRY ELEMENTS (KOHA)
Source of classification or shelving scheme
Koha item type MONOGRAPH
Suppress in OPAC No
981 ## - EQUIVALENCE OR CROSS-REFERENCE-SERIES STATEMENT--CORPORATE NAME/TITLE [LOCAL, CANADA]
Corporate name or jurisdiction name as entry element LD-Ebook

No items available.